| 000 | 00393nam a2200145Ia 4500 | ||
|---|---|---|---|
| 008 | 230917s9999||||xx |||||||||||||| ||und|| | ||
| 040 |
_e185334 _aMAIN |
||
| 041 | _aEnglish | ||
| 082 | _a327.116 C378C | ||
| 100 | _aChari, P R | ||
| 245 | 0 | _aComparative security dynamics in Northeast Asia and South Asia | |
| 260 |
_aNew Delhi _bPentagon Press _c2010 |
||
| 300 | _avi, 185 p. | ||
| 942 | _cBK | ||
| 999 |
_c162037 _d162037 |
||